000 00460nam a2200181Ia 4500
001 29384
003 IN-NITTTR
005 20251114233401.0
008 251113s9999||||xx |||||||||||||| ||eng||
040 _beng
040 _cIN-NITTTR
041 _aeng
082 _a621.89 S12E
100 _aStachowiak, Gwidon W.
245 0 _aEngineering tribology /
_cStachowiak, Gwidon W., Batchelor, Anddrew w.
700 _a Batchelor, Anddrew w.
942 _2ddc
_cBK
999 _c32012
_d32012